000
00340nam a2200145Ia 4500
008
191201s2009 xx 000 0 und d
082
_a
659
_b
VES
100
_a
VERMA,Harsh V
245
0
_a
Services Marketing: Text and Cases
250
_a
2nd IMP
260
_a
N. Delhi
_b
Pearson
_c
2009
300
_a
470
650
_a
BBA
942
_2
ddc
_c
BK
999
_c
4450
_d
4450